Scripture Study Text Cum Workbook , Class 3 (Record no. 11853)

MARC details
000 -LEADER
fixed length control field 00312nam a22001097a 4500
008 - FIXED-LENGTH DATA ELEMENTS--GENERAL INFORMATION
fixed length control field 211026b ||||| |||| 00| 0 eng d
050 ## - LIBRARY OF CONGRESS CALL NUMBER
Classification number 170
Item number 1
245 ## - TITLE STATEMENT
Title Scripture Study Text Cum Workbook , Class 3
260 ## - PUBLICATION, DISTRIBUTION, ETC. (IMPRINT)
Place of publication, distribution, etc. Bangalore
Name of publisher, distributor, etc. Children Educational & Charitable Institution
Date of publication, distribution, etc. 2017
300 ## - PHYSICAL DESCRIPTION
Extent 1
942 ## - ADDED ENTRY ELEMENTS (KOHA)
Source of classification or shelving scheme Dewey Decimal Classification
Koha item type BOOK
Holdings
Withdrawn status Lost status Source of classification or shelving scheme Damaged status Not for loan Home library Current library Shelving location Date acquired Total Checkouts Full call number Barcode Date last seen Price effective from Koha item type
    Dewey Decimal Classification     Good Samaritan School Library Good Samaritan School Library Moral Science 10/26/2021   170 CHI17082 10/26/2021 10/26/2021 BOOK

Powered by Koha